Manual de histr̤ia do direito

Detalles Bibliográficos
Autor principal: Victor Pereira Ribeiro, Roberto
Formato: Libro
Lenguaje:portugués
Publicado: Brasil Pillares 2014
Materias:
Acceso en línea:Acceso restringido

MARC

LEADER 00000nam a22000007a 4500
005 20160518153911.0
007 cr|||| ||u|
008 160518s2014 bl ||||| |||| 00||0 por d
020 |a 9788581830339 
035 |a 14215 
040 |a vLex  
090 |c 6080  |d 6080 
100 1 |a Victor Pereira Ribeiro, Roberto 
245 1 0 |a Manual de histr̤ia do direito  |h [Recurso electrn̤ico] /  |c Roberto Victor Pereira Ribeiro 
256 |a Servicio en ln̕ea  
260 |a Brasil  |b Pillares  |c 2014 
300 |a 1 recurso electrn̤ico  
506 1 |a Contenido solo disponible en los productos indicados  |d vLex Global  |d vLex Global (Academic Edition, excluding Law Schools)  |d vLex Global (U.S. Academic Edition, Law Schools)  |d vLex Global (U.S. Academic Edition, excluding Law Schools)  |d vLex Global (Academic Edition, Law Schools) 
650 0 4 |a Derecho   |z Brasil  
740 0 |a vLex libros (servicio en ln̕ea)  
856 4 0 |u http://vlex.com/source/manual-de-historia-do-direito-14215  |z Acceso restringido  
942 |c BOOK 
999 0 |a Law  |b Brasil